header

Research practice for cultural studies (Record no. 53987)

MARC details
000 -LEADER
fixed length control field 01279nam a2200325 a 4500
100 1# - MAIN ENTRY--AUTHOR NAME
Personal name Gray, Ann,
245 10 - TITLE STATEMENT
Title Research practice for cultural studies
260 ## - PUBLICATION, DISTRIBUTION, ETC. (IMPRINT)
Place of publication London ;
-- Thousand Oaks, Calif. :
Name of publisher SAGE,
Year of publication 2003.
300 ## - PHYSICAL DESCRIPTION
Number of Pages 207 p.
650 #0 - SUBJECT ADDED ENTRY--TOPICAL TERM
Topical Term Culture
Topical Term Culture
Topical Term Social sciences
Topical Term Ethnology
856 40 - ELECTRONIC LOCATION AND ACCESS
Uniform Resource Identifier http://site.ebrary.com/lib/rucke/Doc?id=10076747

No items available.

© 2026 Rongo University
Contact us: librarian | system librarian | Rongo university